Normal view
MARC view
- New Haven (Conn.)
Entry Geographic Name
001 - CONTROL NUMBER
- control field: 15293
003 - CONTROL NUMBER IDENTIFIER
- control field: OSt
005 - DATE AND TIME OF LATEST TRANSACTION
- control field: 20260205124745.0
008 - FIXED-LENGTH DATA ELEMENTS
- fixed length control field: 260205|| aca||aabn | a|a d
040 ## - CATALOGING SOURCE
- Original cataloging agency: OSt
- Transcribing agency: OSt
151 ## - HEADING--GEOGRAPHIC NAME
- Geographic name: New Haven (Conn.)
- General subdivision: Politics and government
670 ## - SOURCE DATA FOUND
- Source citation: Work cat.: (OSt)6041: Polsby, Nelson W. 15289, Community power and political theory :, c1980.